Countries of the World 1950 - Statistics

General Stats
  • This quiz has been taken 89 times
  • The average score is 81 of 84
Answers on the Map
Answers color-coded by a green-red scale on the quiz's map according to % correct below.
 
Answer Stats
Answer % Correct
Afghanistan
98%
Andorra
98%
Argentina
98%
Australia
98%
Belgium
98%
Bhutan
98%
Bolivia
98%
Brazil
98%
Canada
98%
Chile
98%
China
98%
Colombia
98%
Cuba
98%
Czechoslovakia
98%
Denmark
98%
Dominican Republic
98%
East Germany
98%
Ecuador
98%
Egypt
98%
El Salvador
98%
Finland
98%
France
98%
Guatemala
98%
Haiti
98%
Iceland
98%
India
98%
Indonesia
98%
Iran
98%
Iraq
98%
Ireland
98%
Italy
98%
Japan
98%
Jordan
98%
Luxembourg
98%
Mexico
98%
Mongolia
98%
Nepal
98%
Netherlands
98%
New Zealand
98%
North Korea
98%
Norway
98%
Pakistan
98%
Panama
98%
Paraguay
98%
Peru
98%
Poland
98%
Portugal
98%
Saudi Arabia
98%
South Africa
98%
South Korea
98%
Soviet Union
98%
Spain
98%
Sweden
98%
Syria
98%
Turkey
98%
United Kingdom
98%
United States of America
98%
Uruguay
98%
Venezuela
98%
West Germany
98%
Albania
96%
Costa Rica
96%
Ethiopia
96%
Greece
96%
Honduras
96%
Hungary
96%
Nicaragua
96%
Philippines
96%
Switzerland
96%
Taiwan
96%
Thailand
96%
Vatican City
96%
Yugoslavia
96%
Israel
94%
Liberia
94%
Liechtenstein
94%
Monaco
94%
Romania
94%
San Marino
94%
Yemen
94%
Bulgaria
91%
Lebanon
91%
Burma
89%
Ceylon
70%
No matching quizzes found
Score Distribution
Percent of People with Each Score
Percentile by Number Answered
Your Score History
You have not taken this quiz